000 00500nam a2200181Ia 4500
005 20250923144505.0
008 008 250917s9999 xx 000 0 eng d
037 _aTextual
040 _aDSWL
_beng
_cDSWL
041 _aeng
_2eng
084 _qDSWL
245 0 _apart-II -C economic tables rural & urban population
_cby Census of India 1985
260 _aDelhi
_bManager of Publications
_c1954
300 _aviii,456p.
490 _vVol-I
942 _cTEXL
999 _c1439551
_d1439551